000 00663cam a22002173a 4500
001 43973
003 PGUSA
005 20140828084012.0
008 131018s2013||||xxu|||||s|||||000 | eng d
040 _aPGUSA
_beng
042 _adc
100 1 _aGregory, Lady,
_d1852-1932
245 1 0 _aVisions and Beliefs in the West of Ireland, First Series
_h[electronic resource] /
_cLady Gregory
260 _bProject Gutenberg,
_c2013
506 _aPublic domain in the USA.
516 _aElectronic text
700 1 _aYeats, W. B.
_q(William Butler),
_d1865-1939
830 0 _aProject Gutenberg
_v43973
856 4 0 _uhttp://www.gutenberg.org/ebooks/43973
942 _cEB
999 _c273224
_d273224